आदिम प्रकाशचित्रे (Record no. 188556)

MARC details
000 -LEADER
fixed length control field 00449nam a2200145Ia 4500
008 - FIXED-LENGTH DATA ELEMENTS--GENERAL INFORMATION
fixed length control field 090124s9999 xx 000 0 und d
082 ## - DEWEY DECIMAL CLASSIFICATION NUMBER
Item number 134528
245 ## - TITLE STATEMENT
Title आदिम प्रकाशचित्रे
250 ## - EDITION STATEMENT
Edition statement 1
260 ## - PUBLICATION, DISTRIBUTION, ETC. (IMPRINT)
Name of publisher, distributor, etc कटरे लखनसिंह
Date of publication, distribution, etc 2004
300 ## - PHYSICAL DESCRIPTION
Extent 32
630 ## - SUBJECT ADDED ENTRY--UNIFORM TITLE
Uniform title आदिम प्रकाशचित्रे
730 ## - ADDED ENTRY--UNIFORM TITLE
Uniform title आदिम प्रकाशचित्रे
942 ## - ADDED ENTRY ELEMENTS (KOHA)
Koha item type Book
Holdings
Withdrawn status Lost status Damaged status Not for loan Home library Current library Date acquired Cost, normal purchase price Total Checkouts Full call number Barcode Date last seen Cost, replacement price Price effective from Koha item type
        Marathi Granth Sangrahalaya,Thane Marathi Granth Sangrahalaya,Thane   40.00   134528 THNMGS-134528 01/24/2009 40.00 01/24/2009 Book